000 00744nam a2200253 i 4500
001 C2-0284338
003 PPAK
005 20180728014216.0
008 071204s2007 my a|||| ||||| | may d
020 _a9789836292537
040 _aPPAK
_beng
_cPPAK
_erda
082 0 4 _a395.309595
_223
090 0 0 _a395.309595
_bMOK
_dR
100 0 _aMokhtar Haji Mohd. Tohar,
_eauthor
245 1 0 _aProtokol di Malaysia :
_btradisi dan amalan
264 1 _aKuala Lumpur :
_bDewan Bahasa dan Pustaka ,
_c2007
300 _axxvii, 402 pages :
_bcolour illustrations ;
_c29 cm
336 _2rdacontent
_atext
337 _2rdamedia
_aunmediated
338 _2rdacarrier
_avolume
650 1 0 _aEtiquette - Malaysia.
700 _eauthor
942 _ddc
_cB
999 _c90313
_d90313